000 00892cam a2200277 4500
999 _c20362
_d20362
001 4080102
005 20170119085823.0
008 740221s1973 msua b 001 0 eng
010 _a 72092483
020 _a0878050221
040 _aDLC
_cDLC
_dDLC
043 _an-us-ms
050 0 0 _aNA730.M7
_bC76
100 1 _aCrocker, Mary Wallace.
245 1 0 _aHistoric architecture in Mississippi.
260 _aJackson,
_bUniversity and College Press of Mississippi
_c[c1973]
300 _axiii, 194 p.
_billus.
_c30 cm.
350 _a$12.50
504 _aIncludes bibliographical references.
650 0 _aArchitecture
_zMississippi.
650 0 _aHistoric buildings
_zMississippi.
906 _a7
_bcbc
_corignew
_d2
_eopcn
_f19
_gy-gencatlg
942 _2lcc
_cBOOKS
_hNA 730 .M7C76 1973